000 01370nam1a22002771 4500
001 rc\2995086
005 20250831000522.0
035 _a(NLR Aleph) 007138861
090 _a88851
_c88851
100 _a20110916d1945 u y0rusy50 ca
101 0 _arus
102 _aRU
105 _ay z |||||
200 1 _aИзбранные философские сочинения
_eВ 2-х томах. Т. 1-
_fН.А. Добролюбов
_gПод ред. и с предисл. М.Т. Иовчука. ["Философ. и соц.-полит. воззрения Н.А. Добролюбова", с. 3-29]
210 _a[Москва]
_cГос. изд-во полит. лит.
_d1945
_gтип. "Кр. пролетарий"
215 _d23 см
464 0 _12001#$aФилософ. и соц.-полит. воззрения
_1700#1$aИовчук$bМ.Т.$gМихаил Трифонович$4070
700 1 _aДобролюбов
_bН.А.
_f1836-1861
_gНиколай Александрович
702 1 _aИовчук
_bМ.Т.
_gМихаил Трифонович
_4340
801 0 _aRU
_bNLR
_gpsbo
801 1 _aRU
_bELAR
_2rusmarc
852 _aNLR
_jФ70 Г-5/3
942 _cBOOK
945 _aРоссийская национальная библиотека
_aЦентральная городская библиотека Нижнего Новгорода
980 _aBV
980 _aNB